00710 2200241 4500001002100000005001700021008004100038020002200079035002500101040001200126082001400138084001600152100002400168245009300192250001100285260003300296300002300329504003000352650003700382700001900419850001200438990001800450INLIS00000000001248820151013104057.0  a978-602-7640-04-7 a0010-091500000001001 aYOPDYOG 223a371.2 a371.2 Jam T aJAMAL Makmur Asmani aTips efektif supervisi pendidikan sekolahc/ Jamal Makmur Asmani; editor, Dirusdi Toanto aCet. 1 aJogjakartabDiva Pressc2012 a252 hlm.c; 20 cm. aBibliografi: hlm. 245-247 aManajemen dan Organisasi Sekolah aDIRUSDI Toanto aYOPDYOG a50598-PD/A.15